BAFTA Best Sitcom Quiz Stats

 Plays Quiz Updated Jun 1, 2018

Score 0/47 Timer 06:00
1 Play Today
Year Sitcom % Correct
2002The Office
86.6%
2004The Office: Christmas Special
86.6%
2003The Office
86.6%
1976Fawlty Towers
84.1%
1980Fawlty Towers
84.1%
1996Father Ted
66.8%
1999Father Ted
66.8%
1986Only Fools and Horses
64.3%
1989Only Fools and Horses
64.3%
1997Only Fools and Horses
64.3%
2007The Royle Family: Queen of Sheeba
58.5%
2000The Royle Family
58.5%
1992One Foot in the Grave
54%
1990Blackadder Goes Forth
52.8%
1975Porridge
49.1%
1977Porridge
49.1%
1993Absolutely Fabulous
46.7%
1981Yes, Minister
40.8%
1982Yes, Minister
40.8%
1983Yes, Minister
40.8%
1985The Young Ones
40.4%
1988Blackadder The Third
40.1%
2012Mrs. Brown's Boys
40%
2001Black Books
37.5%
Year Sitcom % Correct
2005Black Books
37.5%
1978Rising Damp
34%
2008Peep Show
28.2%
1979Going Straight
27.2%
1974Whatever Happened To The Likely Lads?
27.1%
1984HI-DE-HI!
21.2%
2006The Thick of it
20.2%
1991The New Statesman
19.3%
1987Just Good Friends
16.3%
2018This Country
16.2%
2017People Just Do Nothing
14.4%
1994Drop the Dead Donkey
12.6%
2010The Thick of It
11.4%
1998I'm Alan Partridge
11.3%
2016Peter Kay's Car Share
11.3%
2009The IT Crowd
11.2%
2019Sally4ever
10.9%
2015Detectorists
9%
2013Twenty Twelve
8.5%
2011Rev
5.8%
2014Him & Her: The Wedding
5.6%
1973My Wife Next Door
3%
1995Three Fights, Two Weddings And A Funeral
1.3%

You're not logged in!

Compare scores with friends on all Sporcle quizzes.
OR
Log In

Show Comments

Extras

Top Quizzes Today


Score Distribution

Your Account Isn't Verified!

In order to create a playlist on Sporcle, you need to verify the email address you used during registration. Go to your Sporcle Settings to finish the process.

Report this User

Report this user for behavior that violates our Community Guidelines.

Details: